| 000 | 01216nab a2200229 i 4500 | ||
|---|---|---|---|
| 001 | 768714001 | ||
| 003 | CO-MdFUSB | ||
| 005 | 20240731145053.0 | ||
| 008 | 240731t1988 -us||||| |||| 00| 0 eng d | ||
| 040 |
_bspa _cCO-MdFUSB _dCO-MdFUSB |
||
| 041 | _aeng | ||
| 100 |
_aAnderson, Gerald H. _eautor |
||
| 245 | 1 |
_aAmerican Protestants in Pursuit of Mission : _b1886–1986 _c/ Gerald H. Anderson |
|
| 520 | _aEl Movimiento de Estudiantes Voluntarios (SVM), como explica el autor, se fundó en la primera Conferencia Mount Hermon para estudiantes universitarios en North-Field, Massachusetts, en 1886, con John Mott como presidente. "Existía la convicción de que Estados Unidos era una nación divinamente elegida o predestinada para ser el agente principal de la actividad significativa de Dios en la historia". | ||
| 546 | _aTexto en inglés. | ||
| 650 | 0 |
_aEvangelización _9362 |
|
| 650 | 0 |
_aProtestantismo _9947 |
|
| 650 | 0 |
_a Ecumenismo _xHistoria _91146 |
|
| 773 | 0 |
_049483 _982886 _oR2714 _tInternational Bulletinof Missionary Research _w(CO-MdFUSB)768714001 _x0272-6122 _gVolumen 12, (número 3, 1988), páginas: 98 - 118 _qpágina: 98 |
|
| 942 | _cANA | ||
| 945 | _aCatherine Arias Álvarez - Practicante SENA | ||
| 999 |
_c70649 _d70649 |
||